Grecia / (Record no. 177123)

MARC details
000 -LEADER
campo de control de longitud fija 00914nam a22002415i 4500
001 - NÚMERO DE CONTROL
campo de control 177123
003 - IDENTIFICADOR DE NÚMERO DE CONTROL
campo de control ES-MaACL
005 - FECHA Y HORA DE LA ÚLTIMA TRANSACCIÓN
campo de control 20250812022437.0
008 - DATOS DE LONGITUD FIJA--INFORMACIÓN GENERAL
campo de control de longitud fija 110304s1967 sp afo |||| | spa d
080 ## - NÚMERO DE LA CLASIFICACIÓN DECIMAL UNIVERSAL
Número de la Clasificación Decimal Universal 7.032(38)
100 1# - ENTRADA PRINCIPAL--NOMBRE DE PERSONA
Nombre de persona Schuchhardt, Walter-Herwig.
9 (RLIN) 145457
245 10 - MENCIÓN DEL TÍTULO
Título Grecia /
Mención de responsabilidad, etc. Walter-Herwig Schuchhardt ; [traducido por C. del Pozo y A. Echevarría].
260 ## - PUBLICACIÓN, DISTRIBUCIÓN, ETC.
Lugar de publicación, distribución, etc. Bilbao :
Nombre del editor, distribuidor, etc. Moretón,
Fecha de publicación, distribución, etc. D. L. 1967.
300 ## - DESCRIPCIÓN FÍSICA
Extensión 202, [16] p. de lám. col. y n. :
Otras características físicas il. col. y n. ;
Dimensiones 17 cm.
490 1# - MENCIÓN DE SERIE
Mención de serie Biblioteca de divulgación cultural. Historia del arte universal ;
Designación de volumen o secuencia 5
500 ## - NOTA GENERAL
Nota general Índice.
650 #7 - PUNTO DE ACCESO ADICIONAL DE MATERIA--TÉRMINO DE MATERIA
Término de materia o nombre geográfico como elemento de entrada Arte griego
Fuente del encabezamiento o término embne
9 (RLIN) 10221
700 0# - ENTRADA AGREGADA--NOMBRE PERSONAL
Nombre de persona Pozo, Carlos del.
9 (RLIN) 93535
700 1# - ENTRADA AGREGADA--NOMBRE PERSONAL
Nombre de persona Echevarría Pagola, Abilio.
9 (RLIN) 46562
830 00 - PUNTO DE ACCESO ADICIONAL DE SERIE-TÍTULO UNIFORME
Título uniforme Biblioteca de divulgación cultural.
Nombre de parte o sección de la obra Historia del arte universal
Designación de volumen o secuencia 5
9 (RLIN) 190363
852 ## - LOCALIZACIÓN
Ubicación ES-MaACL
Número de control de estantería E-14545
Encuadernación Olim P-1406
Holdings
Estatus retirado Estado de pérdida Estado de daño No para préstamo Biblioteca de origen Biblioteca actual Ubicación en estantería Fecha de adquisición Fuente de adquisición Total de préstamos Signatura topográfica completa Código de barras Visto por última vez Precio de reemplazo Tipo de ítem Koha
        Biblioteca del Ateneo de Madrid Biblioteca del Ateneo de Madrid Depósito 2 04/03/2011     E-14545 1186029 23/02/2023 23/02/2023 Libro impreso